000 00732nam a2200241 a 4500
008
020 _a0675099382 (hbk.)
049 _aMAIN
090 _aTK454
_bBOY
100 1 _aBoylestad, Robert L.
245 1 0 _aIntroductory circuit analysis /
_cRobert L. Boylestad.
250 _a4th ed.
260 _aColumbus :
_bC.E. Merrill Pub. Co. ,
_cc1982.
300 _axii, 788 p. :
_bill. ;
_c26 cm.
440 _aMerrill's international series in electrical and electronics technology.
500 _aIncludes index.
650 0 _aElectric circuits.
907 _a.b10063183
_b04-07-19
_c17-04-03
003
005 20230123134117.0
040 _cNUST
942 _cBOOKS
_kTK454
_mBOY
999 _c160225
_d160225